000 00413nam a22001697a 4500
005 20160518170229.0
008 160518b xxu||||| |||| 00| 0 eng d
020 _a9971-51-260-2
041 _aeng
082 _b3061
100 _aMartinich Joseph. S
_9763
245 _aProduction and Operations Management
260 _bJohn willey & sons
_c1997
300 _a876
650 _aManagement
_9241
942 _cBK
999 _c1049
_d1049